000 00632nam a2200205Ia 4500
001 113445
003 DR-UNIBE
005 20250414142331.0
008 250414b2007 es ||||| |||| 00| 0 spa d
020 _a9789992388518
040 _cBIBLIOTECA UNIBE
_erda
082 _aRD 348.5 L911p
100 _aLovo Castelar, José Luis
_eautor
_9194198
245 _aProlegómenos del derecho del mar /
_cJosé Luis Lovo Castelar
260 _aSan Salvador :
_bCorte Suprema de Justicia,
_c2007
300 _a434 páginas
500 _aÀQuiero ser la persona que era ante...À
650 7 _2lemb
_aDerecho marítimo
942 _2ddc
_cBK
999 _c113445
_d113445